Strength of materials (Record no. 5249)

MARC details
000 -LEADER
fixed length control field 00455nam a2200169Ia 4500
003 - CONTROL NUMBER IDENTIFIER
control field SGT
020 ## - INTERNATIONAL STANDARD BOOK NUMBER
International Standard Book Number 9780333935361
082 ## - DEWEY DECIMAL CLASSIFICATION NUMBER
Classification number 620.112
Item number RYD
100 ## - MAIN ENTRY--PERSONAL NAME
Personal name Ryder,G.H
245 ## - TITLE STATEMENT
Title Strength of materials
250 ## - EDITION STATEMENT
Edition statement 3rd Ed.
260 ## - PUBLICATION, DISTRIBUTION, ETC. (IMPRINT)
Name of publisher, distributor, etc Macmillan Publishers India Limted
Place of publication, distribution, etc New Delhi
Year of Publication 1969
300 ## - PAGE DESCRIPTION
No. of Pages 340p.
650 ## - SUBJECT ADDED ENTRY--TOPICAL TERM
Topical term or geographic name as entry element ENGINEERING AND ALLIED OPERATIONS
653 ## - KEYWORDS--INDEX TERM
Keyword term STRENGTH OF MATERIALS ,DIRECT STRESS,ELASTIC CONSTANTS
942 ## - ADDED ENTRY ELEMENTS (KOHA)
Source of classification or shelving scheme Dewey Decimal Classification
Koha item type Books
942 ## - ADDED ENTRY ELEMENTS (KOHA)
-- 1
Holdings
Withdrawn status Lost status Source of classification or shelving scheme Damaged status Not for loan Home library Current library Date acquired SGTU Total Checkouts Full call number Accession No. (Barcode) Date last seen Bill Date Koha item type Date last borrowed
    Dewey Decimal Classification     SGT Engineering Library SGT Engineering Library 28/06/2011 SGTU   620.112 RYD FE3538 09/02/2015 09/02/2015 Books  
    Dewey Decimal Classification     SGT Engineering Library SGT Engineering Library 28/06/2011 SGTU 2 620.112 RYD FE3539 18/03/2025 09/02/2015 Books 08/01/2025
    Dewey Decimal Classification     SGT Engineering Library SGT Engineering Library 28/06/2011 SGTU 1 620.112 RYD FE3540 31/01/2017 09/02/2015 Books 27/01/2017
    Dewey Decimal Classification     SGT Engineering Library SGT Engineering Library 28/06/2011 SGTU   620.112 RYD FE3541 09/02/2015 09/02/2015 Books  
    Dewey Decimal Classification     SGT Engineering Library SGT Engineering Library 28/06/2011 SGTU   620.112 RYD FE3542 09/02/2015 09/02/2015 Books